Statistics for Most Populous Countries in Eurasia

Click here to take the quiz!

General Stats

  • This quiz has been taken 27 times
  • The average score is 18 of 20

Answer Stats

PopulationAnswer% Correct
1,370,793,000China
100%
1,200,499,000India
100%
255,462,000Indonesia
100%
144,031,000Russia
100%
82,800,000Germany
96%
126,891,000Japan
96%
201,785,000Pakistan
96%
64,295,000France
92%
60,851,000Italy
92%
78,214,000Turkey
92%
65,093,000United Kingdom
92%
158,762,000Bangladesh
88%
78,778,000Iran
88%
46,404,000Spain
88%
50,617,000South Korea
84%
68,387,000Thailand
84%
102,965,000Philippines
80%
91,812,000Vietnam
76%
42,823,000Ukraine
72%
52,280,000Myanmar
56%

Score Distribution

Percentile by Number Answered

Percent of People with Each Score

Your Score History

You have not taken this quiz